000 00301 a2200109 4500
001 ART_20461
005 20260410161927.0
008 260409a
245 1 0 _aEconomic Growth and Economic Order
100 1 _aSchneider, Erich
773 0 _tEconomics
_g- Vol. 3 (ene. 1971)
_wREV20320
999 _c28285
_d28285